<?xml version="1.0" encoding="UTF-8"?>
<record
    xmlns:xsi="http://www.w3.org/2001/XMLSchema-instance"
    xsi:schemaLocation="http://www.loc.gov/MARC21/slim http://www.loc.gov/standards/marcxml/schema/MARC21slim.xsd"
    xmlns="http://www.loc.gov/MARC21/slim">

  <leader>01450nam a2200217Ia 4500</leader>
  <controlfield tag="003">OSt</controlfield>
  <controlfield tag="005">20250225115049.0</controlfield>
  <controlfield tag="008">210707s1983    xx            000 0 und d</controlfield>
  <datafield tag="040" ind1=" " ind2=" ">
    <subfield code="c">AL</subfield>
  </datafield>
  <datafield tag="041" ind1=" " ind2=" ">
    <subfield code="a">Kannada</subfield>
  </datafield>
  <datafield tag="082" ind1=" " ind2=" ">
    <subfield code="a">K894.3 ANUE</subfield>
  </datafield>
  <datafield tag="100" ind1=" " ind2=" ">
    <subfield code="a">ANUPAMA NIRANJANA</subfield>
    <subfield code="d">&#xC85;&#xCA8;&#xCC1;&#xCAA;&#xCAE;&#xCBE; &#xCA8;&#xCBF;&#xCB0;&#xC82;&#xC9C;&#xCA8;</subfield>
    <subfield code="9">157194</subfield>
  </datafield>
  <datafield tag="245" ind1=" " ind2=" ">
    <subfield code="a">Ele</subfield>
    <subfield code="b">&#xC8E;&#xCB3;&#xCC6;</subfield>
  </datafield>
  <datafield tag="260" ind1=" " ind2=" ">
    <subfield code="a">Bengaluru</subfield>
    <subfield code="b">Vishva Kannada Sammelana</subfield>
    <subfield code="c">1983</subfield>
  </datafield>
  <datafield tag="300" ind1=" " ind2=" ">
    <subfield code="a">204 p</subfield>
  </datafield>
  <datafield tag="365" ind1=" " ind2=" ">
    <subfield code="b">2</subfield>
    <subfield code="c">INR</subfield>
  </datafield>
  <datafield tag="520" ind1=" " ind2=" ">
    <subfield code="a">&#xC8E;&#xCB3;&#xCC6;&#x2019; &#xC95;&#xCC3;&#xCA4;&#xCBF;&#xCAF;&#xCC1; &#xC85;&#xCA8;&#xCC1;&#xCAA;&#xCAE;&#xCBE; &#xCA8;&#xCBF;&#xCB0;&#xC82;&#xC9C;&#xCA8; &#xC85;&#xCB5;&#xCB0; &#xC95;&#xCBE;&#xCA6;&#xC82;&#xCAC;&#xCB0;&#xCBF;&#xCAF;&#xCBE;&#xC97;&#xCBF;&#xCA6;&#xCC6;. &#xC95;&#xCCC;&#xC9F;&#xCC1;&#xC82;&#xCAC;&#xCBF;&#xC95; &#xCB5;&#xCBF;&#xC9A;&#xCBE;&#xCB0;&#xC97;&#xCB3; &#xC8E;&#xCB3;&#xCC6;&#xCAF;&#xCA8;&#xCCD;&#xCA8;&#xCC1; &#xC95;&#xC9F;&#xCCD;&#xC9F;&#xCBF;&#xC95;&#xCCA;&#xCA1;&#xCC1;&#xCB5; &#xC88; &#xC95;&#xCC3;&#xCA4;&#xCBF;&#xCAF;&#xCC1; &#xCB9;&#xCC6;&#xCA3;&#xCCD;&#xCA3;&#xCBF;&#xCA8; &#xCA7;&#xCC8;&#xCB0;&#xCCD;&#xCAF; &#xCB9;&#xCBE;&#xC97;&#xCC2; &#xC86;&#xC95;&#xCC6;&#xCAF; &#xCB5;&#xCBF;&#xC9A;&#xCBE;&#xCB0;&#xCB5;&#xC82;&#xCA4;&#xCBF;&#xC95;&#xCC6;&#xC97;&#xCC6; &#xCB2;&#xCC7;&#xC96;&#xC95;&#xCBF; &#xC87;&#xCB2;&#xCCD;&#xCB2;&#xCBF; &#xCA7;&#xCCD;&#xCB5;&#xCA8;&#xCBF;&#xCAF;&#xCBE;&#xC97;&#xCBF;&#xCA6;&#xCCD;&#xCA6;&#xCBE;&#xCB0;&#xCC6;. &#xCAD;&#xC95;&#xCCD;&#xCA4;&#xCBF;&#xCAF; &#xCAA;&#xCCD;&#xCB0;&#xCBE;&#xCA7;&#xCBE;&#xCA8;&#xCCD;&#xCAF;&#xCA4;&#xCC6;&#xCAF;&#xCC1; &#xC88; &#xC95;&#xCC3;&#xCA4;&#xCBF;&#xCAF;&#xCB2;&#xCCD;&#xCB2;&#xCBF; &#xCAA;&#xCCD;&#xCB0;&#xCAE;&#xCC1;&#xC96;&#xCB5;&#xCBE;&#xC97;&#xCBF; &#xC95;&#xCBE;&#xCA3;&#xCC1;&#xCA4;&#xCCD;&#xCA4;&#xCA6;&#xCC6;. &#xCAA;&#xCCD;&#xCB0;&#xC97;&#xCA4;&#xCBF;&#xCB6;&#xCC0;&#xCB2;&#xCB0; &#xCAA;&#xCCD;&#xCB0;&#xC97;&#xCA4;&#xCBF;&#xCAA;&#xCB0; &#xCA7;&#xCCB;&#xCB0;&#xCA3;&#xCC6; &#xCAE;&#xCA4;&#xCCD;&#xCA4;&#xCC1; &#xCAC;&#xC82;&#xCA1;&#xCBE;&#xCAF; &#xCAE;&#xCA8;&#xCCB;&#xCAD;&#xCBE;&#xCB5; &#xCB9;&#xCBE;&#xC97;&#xCC2; &#xCA8;&#xCB5;&#xCCD;&#xCAF;&#xCB0; &#xC86;&#xCA4;&#xCCD;&#xCAE;&#xCB6;&#xCCB;&#xCA7;&#xCA8;&#xCC6; &#xCAE;&#xCA4;&#xCCD;&#xCA4;&#xCC1; &#xC95;&#xCB2;&#xCBE;&#xCA4;&#xCCD;&#xCAE;&#xC95;&#xCA4;&#xCC6;, &#xC88; &#xC8E;&#xCB0;&#xCA1;&#xCC1; &#xC97;&#xCC1;&#xCA3;&#xC97;&#xCB3;&#xCC1; &#xC95;&#xCC2;&#xCA1; &#xC85;&#xCB5;&#xCB0; &#xC95;&#xCBE;&#xCA6;&#xC82;&#xCAC;&#xCB0;&#xCBF;&#xCAF;&#xCB2;&#xCCD;&#xCB2;&#xCBF;&#xCB5;&#xCC6;

 </subfield>
  </datafield>
  <datafield tag="563" ind1=" " ind2=" ">
    <subfield code="a">PB</subfield>
  </datafield>
  <datafield tag="650" ind1=" " ind2=" ">
    <subfield code="a">Kannada Fiction</subfield>
    <subfield code="9">157195</subfield>
  </datafield>
  <datafield tag="942" ind1=" " ind2=" ">
    <subfield code="2">ddc</subfield>
    <subfield code="c">BK</subfield>
  </datafield>
  <datafield tag="999" ind1=" " ind2=" ">
    <subfield code="c">180134</subfield>
    <subfield code="d">180134</subfield>
  </datafield>
  <datafield tag="952" ind1=" " ind2=" ">
    <subfield code="0">0</subfield>
    <subfield code="1">0</subfield>
    <subfield code="4">0</subfield>
    <subfield code="7">0</subfield>
    <subfield code="8">Kannada Literature</subfield>
    <subfield code="a">AL</subfield>
    <subfield code="b">AL</subfield>
    <subfield code="d">2005-05-04</subfield>
    <subfield code="g">2.00</subfield>
    <subfield code="l">0</subfield>
    <subfield code="o">K894.3 ANUE</subfield>
    <subfield code="p">BB04036</subfield>
    <subfield code="r">2021-07-08 00:00:00</subfield>
    <subfield code="w">2021-07-08</subfield>
    <subfield code="y">BB</subfield>
  </datafield>
</record>
